LEADER 01039nam a2200241 i 4500 001 000000228199 003 CaOOAMICUS 005 20140320000000.0 008 140320s1978 fr u000 u fre u 013 $a207101 040 $aSeMil$bita 240 10$aCatechismus ex decreto Concilii Tridentini ad parochos Pii V, pontificis maximi, jussu editus.$0(OLS)http://semarc/title/326626 245 10$aCatéchisme du Concile de Trente. 260 $aParis :$bD. Morin,$c1978. 300 $a582 p ;$c22 cm. 500 $aReprod. en fac-sim. du n° spécial d'Itinéraires, 136, septembre-octobre 1969. 650 4$aConcilio di Trento <1545-1563>.$0(OLS)http://semarc/subject/58 710 2 $aConcilio di Trento <1545-1563>.$0(OLS)http://semarc/name/396 850 $aSeMil 852 $aSeMil$W1$xVenegono$y1$m2C V 611$j178545$B178545$CSeMilBibl$Z2$F189777 $81 961 $aOmaggio: Altro 996 $6245$aCatéchisme du Concile de Trente$9(OLS)http://semarc/title/326625 996 $6260$aParis :$bD. Morin$9(OLS)http://semarc/publisher/53627 LEADER 01093nam a2200217 i 4500 001 000000014041 003 CaOOAMICUS 005 20180830125442.0 008 180830s1874 fr u000 u und u 040 $aSeMil$bita 100 1 $aBougaud, Louis-Émile .$0(OLS)http://semarc/name/89884 245 10$aHistoire de sainte Chantal et des origines de la Visitation /$cpar m. l'abbé Ém. Bougaud. 250 $a8. éd. revue avec soin et précedée d'une lettre de Monseigneur l'évêque d'Orleans sur la manière d'écrire la vie des saints. 260 $aParis :$bPoussielgue frères,$c1874. 300 $a2 v. ;$c18 cm. 600 14$aFrémiot de Chantal, Giovanna Francesca .$0(OLS)http://semarc/subject/2068 700 1 $aDupanloup, Félix,$d<1802-1878>.$0(OLS)http://semarc/name/2987 774 0 $tTome 1.$g1$w()90768 774 0 $tTome 2.$g2$w()246827 996 $6245$aHistoire de sainte Chantal et des origines de la Visitation$9(OLS)http://semarc/title/18648 996 $6260$aParis :$bPoussielgue frères$9(OLS)http://semarc/publisher/31402